တရုတ်ဖြူကျုးကျော်မှုနှင့် နယ်ချဲ့အန္တရာယ် / (Record no. 27381)

000 -LEADER
fixed length control field 00743nam a22001577a 4500
005 - DATE AND TIME OF LATEST TRANSACTION
control field 20260123084515.0
008 - FIXED-LENGTH DATA ELEMENTS--GENERAL INFORMATION
fixed length control field 230721b ||||| |||| 00| 0 eng d
040 ## - CATALOGING SOURCE
Transcribing agency SSBUL
Modifying agency SSBUL
082 ## - DEWEY DECIMAL CLASSIFICATION NUMBER
Edition number 23
Classification number ၉၅၉.၁ တ ၁၆၀၅၀ (S-SAT)
245 ## - TITLE STATEMENT
Title တရုတ်ဖြူကျုးကျော်မှုနှင့် နယ်ချဲ့အန္တရာယ် /
260 ## - PUBLICATION, DISTRIBUTION, ETC.
Place of publication, distribution, etc. ရန်ကုန်၊
Name of publisher, distributor, etc. တိုင်းကျော်ပုံနှိပ်တိုက်၊
Date of publication, distribution, etc. ၁၉၆၁။
300 ## - PHYSICAL DESCRIPTION
Extent ၈၀ စာမျက်နှာ၊
Dimensions ၁၈ စင်တီ။
500 ## - GENERAL NOTE
General note S-SAT: Dr. Prof Sai Aung Tun
650 ## - SUBJECT ADDED ENTRY--TOPICAL TERM
Topical term or geographic name entry element မြန်မာနိုင်ငံ
General subdivision သမိုင်း။
9 (RLIN) 12821
942 ## - ADDED ENTRY ELEMENTS (KOHA)
Source of classification or shelving scheme
Koha item type Book (Short term)
Holdings
Withdrawn status Lost status Source of classification or shelving scheme Damaged status Not for loan Collection code Permanent Location Current Location Shelving location Date acquired Total Checkouts Full call number Barcode Date last seen Price effective from Koha item type Accession
          Special Collections Shan State Buddhist University Library Shan State Buddhist University Library Special Collection Shelves 21/07/2023   ၉၅၉.၁ တ ၁၆၀၅၀ (S-SAT) MB00016050 21/07/2023 21/07/2023 Book (Short term) ၁၆၀၅၀ (S-SAT)

Library - 09407999929
Admin Office - 09407999979
Dean Office - 09250910768
Registrar Office - 09892297154
Email - [email protected]
Shan State Buddhist University, Phaya Phyu Taunggyi, Shan State, Myanmar.